Loading...
Ancient History and Archaeology | 1 | 0.00 | 0% | 0% | 0% |
Beliefs | 6 | 13.33 | 100% | 33% | 0% |
British and Commonwealth History | 1 | 10.00 | 100% | 0% | 0% |
Current Events | 2 | 20.00 | 100% | 100% | 0% |
Fine Arts - Auditory Fine Arts | 2 | 10.00 | 100% | 0% | 0% |
Fine Arts - Visual Fine Arts | 4 | 10.00 | 100% | 0% | 0% |
Geography | 1 | 10.00 | 0% | 100% | 0% |
History - American History | 4 | 12.50 | 100% | 25% | 0% |
History - European History | 3 | 20.00 | 100% | 67% | 33% |
History - World History | 4 | 12.50 | 100% | 25% | 0% |
Literature - American Literature | 4 | 5.00 | 50% | 0% | 0% |
Literature - British Literature | 3 | 10.00 | 100% | 0% | 0% |
Literature - European Literature | 4 | 10.00 | 50% | 50% | 0% |
Other Academic | 2 | 15.00 | 50% | 50% | 50% |
Other Arts: Auditory | 1 | 10.00 | 100% | 0% | 0% |
Other Science: Computer Science | 1 | 10.00 | 100% | 0% | 0% |
Other Science: Earth Science | 3 | 16.67 | 67% | 33% | 67% |
Other Science: Math | 1 | 0.00 | 0% | 0% | 0% |
Philosophy | 5 | 10.00 | 80% | 0% | 20% |
Science - Biology | 3 | 10.00 | 67% | 33% | 0% |
Science - Chemistry | 4 | 10.00 | 75% | 0% | 25% |
Science - Physics | 3 | 6.67 | 67% | 0% | 0% |
Social Science | 4 | 10.00 | 100% | 0% | 0% |
World and Other Literature | 6 | 10.00 | 83% | 17% | 0% |